Pokémon présents sur les jaquettes des jeux - Statistiques

Statistiques générales
  • Ce quiz a été pris 608 fois
    162 depuis la dernière actualisation
  • Le résultat moyen est 34 sur 39
Statistiques - réponses
Version Pokémon vedette % Correct
Rouge Dracaufeu
99%
Vert Florizarre
99%
Jaune Pikachu
99%
Bleu Tortank
98%
Diamant Dialga
96%
Perle Palkia
96%
Argent Lugia
95%
Let's Go _______ Pikachu
95%
Let's Go _____ Évoli
94%
Rubis Groudon
94%
Or Ho-Oh
94%
X Xerneas
94%
Y Yveltal
94%
Saphir Kyogre
93%
Platine Giratina
92%
SoulSilver Lugia
92%
Vert Feuille Florizarre
91%
HeartGold Ho-Oh
91%
Lune Lunala
91%
Soleil Solgaleo
91%
Blanc Zekrom
91%
Diamant Étincellant Dialga
90%
Perle Scintillante Palkia
90%
Émeraude Rayquaza
90%
Noir Reshiram
90%
Rouge Feu Dracaufeu
89%
Épée Zacian
81%
Blanc 2 Kyurem-Blanc
80%
Noir 2 Kyurem-Noir
80%
Bouclier Zamazenta
80%
Rubis Omega Primo-Groudon
79%
Saphir Alpha Primo-Kyogre
79%
Cristal Suicune
78%
Ultra-Lune Necrozma Ailes de l'Aurore
69%
Ultra-Soleil Necrozma Crinière du Couchant
69%
Violet Miraidon
67%
Écarlate Koraidon
66%
Légendes Pokémon : Arceus Lucario / Rhinocorne / Brindibou / Keunotor / Héricendre / Moustillon / Pikachu
54%
Légendes Pokémon : Z-A Germignon / Kaïminus / Gruikui / Pikachu / Méga-Lucario
51%
Aucun quiz correspondant
Distribution des résultats
% des personnes avec chaque résultat
Percentile par nombre de réponses
Votre historique - résultats
Vous n’avez pas pris ce quiz depuis la dernière actualisation